000 00940nam a22002777a 4500
001 6993
003 FISKH
005 20250616162928.0
008 250616b cb ||||| |||| 00| 0 eng d
020 _a9780545003186
040 _aFISKH
_beng
_cFISKH
_dFISKH
082 _a793
100 _aMarzollo, Jean
245 _aI spy phonics fun /
_cRiddle by Jean Marzollo : Photographs by Walter Wick
250 _aFirst printing , September 2007
260 _aNew York :
_bScholastic ,
_c2007.
300 _a16 pages :
_bcolor illustrations ;
_c19 cm .
505 _aF
520 _aCombines easy-to-read riddles with color photographs to introduce common consonant sounds and long and short vowel sounds to new readers.300
521 8 _a300
_bLexile estimate
521 8 _aF
_bRaz-Plus
650 _aHidden objects
_vJuvenile Fiction
700 _aWick, Walter
_ePhoto Publicator
942 _2ddc
_cBK
_n0
999 _c6993
_d6993